000
00328nam a2200145Ia 4500
100
_a
Donovan/John J
942
_c
BK
366
_f
15
654
_a
system programming
245
_a
Systems Programming
260
_b
Tata Mc Graw hill Ltd.
_a
New Delhi
_c
1972
082
_a
005.42/DON
_b
DON
300
_a
484
546
_a
ENGLISH
999
_c
21606
_d
21606